Movies Quiz

Random Movies or Disney Quiz

Disney Movie Acronyms (DMA) Quiz Stats

Quiz not verified by Sporcle

Challenge
Share
Tweet
Embed
Score 0/18 Timer 05:00
0 Plays Today
Acronym Disney Movie % Correct
PPPeter Pan
90.9%
SWSDSnow White and the Seven Dwarfs
86.4%
LKThe Lion King
84.4%
BBBeauty and the Beast
76.6%
LMThe Little Mermaid
75.3%
AWAlice in Wonderland
63%
TSToy Story
50.6%
HNDThe Hunchback of Notre Dame
46.1%
A:TLEAtlantis: The Lost Empire
43.5%
Acronym Disney Movie % Correct
FNFinding Nemo
39.6%
SFRSwiss Family Robinson
10.4%
FFFreaky Friday
7.1%
NCWNever Cry Wolf
5.2%
IGInspector Gadget
5.2%
KKACA Kid in King Arthur's Court
3.9%
BHCBeverly Hills Chihuahua
3.9%
HFLHerbie Fully Loaded
2.6%
SBSpace Buddies
1.3%

You're not logged in!

Compare scores with friends on all Sporcle quizzes.
Join for Free
OR
Log In

You Might Also Like...

Show Comments

Extras

Top Quizzes Today


Score Distribution

Your Account Isn't Verified!

In order to create a playlist on Sporcle, you need to verify the email address you used during registration. Go to your Sporcle Settings to finish the process.

Report this User

Report this user for behavior that violates our Community Guidelines.

Details: